[Event "GER-ch Blitz (Women)"]
[Site "Munich"]
[Date "2025.05.24"]
[Round "5"]
[White "Dolzhikova, Kateryna"]
[Black "Noll, Sonja"]
[Result "1-0"]
[WhiteElo "2331"]
[BlackElo "1764"]
[PlyCount "41"]
[EventDate "2025.05.24"]
[EventType "tourn (blitz)"]
[EventRounds "29"]
[EventCountry "GER"]
[SourceTitle "CB22_2025"]
[SourceDate "2025.05.28"]
[SourceVersion "1"]
[SourceVersionDate "2025.05.28"]
[SourceQuality "1"]

1. e4 d6 2. d4 Nf6 3. Nc3 g6 4. f4 Bg7 5. e5 dxe5 6. dxe5 Qxd1+ 7. Kxd1 Ng4 8. Ke1 f6 9. h3 Nh6 10. Nd5 Kd8 11. Nf3 c6 12. Nc3 Bf5 13. g4 Bxc2 14. Nd4 fxe5 15. Ne6+ Kc8 16. Nxg7 exf4 17. Bxf4 Rf8 18. Bxh6 Rf3 19. Bg2 Re3+ 20. Bxe3 Bb3 21. Bc1 1-0

[Event "GER-ch Blitz (Women)"]
[Site "Munich"]
[Date "2025.05.24"]
[Round "27"]
[White "Khrapko, Marharyta"]
[Black "Noll, Sonja"]
[Result "1-0"]
[WhiteElo "2143"]
[BlackElo "1764"]
[PlyCount "39"]
[EventDate "2025.05.24"]
[EventType "tourn (blitz)"]
[EventRounds "29"]
[EventCountry "GER"]
[SourceTitle "CB22_2025"]
[SourceDate "2025.05.28"]
[SourceVersion "1"]
[SourceVersionDate "2025.05.28"]
[SourceQuality "1"]

1. c4 d6 2. g3 g6 3. Bg2 Bg7 4. d4 Bf5 5. Nc3 Nc6 6. e4 Bd7 7. Nf3 Nf6 8. 0-0 0-0 9. h3 e5 10. Be3 Qc8 11. Kh2 exd4 12. Nxd4 Ne8 13. Nd5 Ne5 14. Ne7+ Kh8 15. Nxc8 Rxc8 16. Rc1 c6 17. f4 f5 18. fxe5 Bxe5 19. exf5 Bxg3+ 20. Kxg3 1-0

[Event "GER-ch Blitz (Women)"]
[Site "Munich"]
[Date "2025.05.24"]
[Round "29"]
[White "Noll, Sonja"]
[Black "Novikova, Margarita"]
[Result "1/2-1/2"]
[WhiteElo "1764"]
[BlackElo "1969"]
[PlyCount "33"]
[EventDate "2025.05.24"]
[EventType "tourn (blitz)"]
[EventRounds "29"]
[EventCountry "GER"]
[SourceTitle "CB22_2025"]
[SourceDate "2025.05.28"]
[SourceVersion "1"]
[SourceVersionDate "2025.05.28"]
[SourceQuality "1"]

1. e4 d5 2. exd5 Qxd5 3. Nc3 Qd6 4. Bc4 Nf6 5. Nge2 a6 6. a4 Nc6 7. d3 Bg4 8. f3 Bh5 9. Bf4 Qd7 10. Ng3 Bg6 11. 0-0 e6 12. Nce4 Nxe4 13. dxe4 0-0-0 14. Qxd7+ Rxd7 15. c3 Be7 16. b4 Bf6 17. Rac1 1/2-1/2

[Event "GER-ch Blitz (Women)"]
[Site "Munich"]
[Date "2025.05.24"]
[Round "2"]
[White "Noll, Sonja"]
[Black "Pfau, Beate"]
[Result "0-1"]
[WhiteElo "1764"]
[BlackElo "1957"]
[PlyCount "54"]
[EventDate "2025.05.24"]
[EventType "tourn (blitz)"]
[EventRounds "29"]
[EventCountry "GER"]
[SourceTitle "CB22_2025"]
[SourceDate "2025.05.28"]
[SourceVersion "1"]
[SourceVersionDate "2025.05.28"]
[SourceQuality "1"]

1. e4 c5 2. Nf3 g6 3. c3 Bg7 4. d4 cxd4 5. cxd4 d6 6. Bb5+ Bd7 7. Bxd7+ Nxd7 8. 0-0 Ngf6 9. Nc3 0-0 10. h3 Nb6 11. Bf4 Qd7 12. Qb3 Rac8 13. Rfd1 Nc4 14. e5 Ne8 15. Rac1 d5 16. Na4 b6 17. Re1 Nc7 18. Qd1 Ne6 19. Bh2 b5 20. Nc3 Nxb2 21. Qb3 Nd3 22. Nxd5 Nxc1 23. Qa3 Qxd5 24. Rxc1 Rxc1+ 25. Qxc1 Nxd4 26. Qd1 Nxf3+ 27. Qxf3 Qxf3 0-1

[Event "GER-ch Blitz (Women)"]
[Site "Munich"]
[Date "2025.05.24"]
[Round "26"]
[White "Noll, Sonja"]
[Black "Voicu Jagodzinsky, Carmen"]
[Result "0-1"]
[WhiteElo "1764"]
[BlackElo "2220"]
[PlyCount "52"]
[EventDate "2025.05.24"]
[EventType "tourn (blitz)"]
[EventRounds "29"]
[EventCountry "GER"]
[SourceTitle "CB22_2025"]
[SourceDate "2025.05.28"]
[SourceVersion "1"]
[SourceVersionDate "2025.05.28"]
[SourceQuality "1"]

1. e4 e6 2. Nf3 d5 3. exd5 exd5 4. b3 Nf6 5. Bb2 Bd6 6. d3 0-0 7. Be2 c5 8. 0-0 Nc6 9. Nbd2 Bf5 10. c4 d4 11. h3 Re8 12. Nh2 Qc7 13. Nhf3 h6 14. a3 a5 15. Re1 Re7 16. Nf1 Rae8 17. Ng3 Bxg3 18. fxg3 Qxg3 19. Bf1 Bxh3 20. Rxe7 Rxe7 21. Kh1 Ng4 22. Qd2 Re3 23. Re1 Rxf3 24. gxf3 Nf2+ 25. Qxf2 Qxf2 26. Re8+ Kh7 0-1

[Event "GER-ch (Women)"]
[Site "Ostfildern"]
[Date "2024.08.24"]
[Round "8"]
[White "Albayrak, Aylin"]
[Black "Noll, Sonja"]
[Result "1-0"]
[WhiteElo "1741"]
[BlackElo "1810"]
[PlyCount "57"]
[EventDate "2024.08.19"]
[EventType "swiss"]
[EventRounds "9"]
[EventCountry "GER"]
[SourceTitle "CBM 221 Extra"]
[Source "ChessBase"]
[SourceDate "2024.09.30"]
[SourceVersion "1"]
[SourceVersionDate "2024.09.30"]
[SourceQuality "1"]

1. d4 d6 2. c4 e5 3. d5 f5 4. Nc3 a5 5. Nf3 Nf6 6. g3 Nbd7 7. Bh3 e4 8. Nd4 Ne5 9. b3 g6 10. 0-0 Bg7 11. Rb1 Bd7 12. f3 exf3 13. Nxf3 Nfg4 14. Nd4 c5 15. Ne6 Bxe6 16. dxe6 Nxc4 17. bxc4 Bxc3 18. Qa4+ Kf8 19. Bxg4 Qe7 20. Qd7 Rb8 21. e4 Qxd7 22. exd7 Bd4+ 23. Kg2 h5 24. Bg5 Kg7 25. Bf3 Bf6 26. Bxf6+ Kxf6 27. exf5 Ke7 28. fxg6 Kxd7 29. Bd5 1-0

[Event "GER-ch (Women)"]
[Site "Ostfildern"]
[Date "2024.08.21"]
[Round "4"]
[White "Sokyrko, Sofiia"]
[Black "Noll, Sonja"]
[Result "0-1"]
[WhiteElo "1585"]
[BlackElo "1810"]
[PlyCount "108"]
[EventDate "2024.08.19"]
[EventType "swiss"]
[EventRounds "9"]
[EventCountry "GER"]
[SourceTitle "CBM 221 Extra"]
[Source "ChessBase"]
[SourceDate "2024.09.30"]
[SourceVersion "1"]
[SourceVersionDate "2024.09.30"]
[SourceQuality "1"]

1. e4 Nf6 2. e5 Nd5 3. d4 d6 4. Bc4 Nb6 5. Bb3 dxe5 6. Qh5 e6 7. dxe5 Nc6 8. Nf3 g6 9. Qg4 Bg7 10. Bg5 Qd7 11. Qe4 h6 12. Be3 Na5 13. Nc3 Nxb3 14. axb3 Qc6 15. Qxc6+ bxc6 16. Bxb6 cxb6 17. Ne4 Ke7 18. 0-0 c5 19. Rfd1 Bb7 20. Ned2 Rhd8 21. Re1 f6 22. Nc4 fxe5 23. Nfxe5 g5 24. g3 Rd5 25. f4 gxf4 26. gxf4 Bf6 27. f5 Rg8+ 28. Kf1 Rd4 29. Rxa7 Rf4+ 30. Ke2 Re4+ 31. Kd1 Rd8+ 32. Nd3 Rxe1+ 33. Kxe1 Bh4+ 34. Ke2 Rd7 35. fxe6 Bf3+ 36. Kxf3 Rxa7 37. Nxb6 Ra1 38. Nxc5 Rf1+ 39. Ke4 Rf2 40. Kd3 Rxh2 41. Nd5+ Kd6 42. e7 Bxe7 43. Nxe7 Kxc5 44. Nf5 h5 45. c3 Rxb2 46. b4+ Kb5 47. Nd4+ Kb6 48. Nf3 Rg2 49. Kd4 Rg3 50. Ke4 Kb5 51. Kf4 Rg8 52. c4+ Kxb4 53. Kf5 Kxc4 54. Nh4 Kd4 0-1

[Event "GER-chT Federal Cup (Women)"]
[Site "Braunfels"]
[Date "2024.06.01"]
[Round "4.3"]
[White "Hoellenriegel, Daniela"]
[Black "Noll, Sonja"]
[Result "1-0"]
[WhiteElo "2012"]
[BlackElo "1837"]
[PlyCount "147"]
[EventDate "2024.05.30"]
[EventType "team-swiss"]
[EventRounds "5"]
[EventCountry "GER"]
[SourceTitle "CBM 220 Extra"]
[Source "ChessBase"]
[SourceDate "2024.07.31"]
[SourceVersion "1"]
[SourceVersionDate "2024.07.31"]
[SourceQuality "1"]
[WhiteTeam "Hessen (W) II"]
[BlackTeam "Saarland (W)"]
[WhiteTeamCountry "GER"]
[BlackTeamCountry "GER"]

1. d4 b6 2. c3 Bb7 3. Nf3 e6 4. g3 c5 5. Bg2 d5 6. Bf4 Nc6 7. Nbd2 f6 8. 0-0 g5 9. Be3 c4 10. Re1 Nge7 11. Nf1 Nf5 12. Bc1 Nd6 13. N3d2 f5 14. f3 f4 15. e4 Ne7 16. exd5 Bxd5 17. Ne4 Nxe4 18. fxe4 Bc6 19. gxf4 gxf4 20. Bxf4 Ng6 21. Qh5 Qf6 22. Be5 Qf7 23. Bxh8 Nxh8 24. Qxf7+ Nxf7 25. d5 Bd7 26. Ne3 Bc5 27. Kf1 b5 28. e5 0-0-0 29. Bh3 Rf8 30. Ke2 Ng5 31. dxe6 Nxe6 32. Bxe6 Bxe6 33. Rf1 Bf7 34. h3 Bh5+ 35. Ng4 Re8 36. Rf5 Bg6 37. Rf6 Be7 38. Rc6+ Kb7 39. Rxg6 hxg6 40. Rd1 Kc6 41. Ke3 Rh8 42. Nf2 Bc5+ 43. Ke2 Rh5 44. Ng4 Rxh3 45. Rf1 Be7 46. Rf7 Kd7 47. Rg7 g5 48. Rg6 Rg3 49. Ne3 Bc5 50. e6+ Kc8 51. Nf5 Rg2+ 52. Kf3 Rxb2 53. Rg8+ Kc7 54. e7 Bxe7 55. Nxe7 Rxa2 56. Rxg5 a6 57. Ke3 Kd6 58. Nf5+ Kc7 59. Nd4 Rb2 60. Ne6+ Kd6 61. Nc5 Ra2 62. Ne4+ Kc6 63. Kd4 Kb6 64. Rg6+ Kc7 65. Kc5 Re2 66. Rg7+ Kd8 67. Nd6 Re3 68. Nb7+ Ke8 69. Kb4 Re6 70. Nc5 Re1 71. Nxa6 Rb1+ 72. Kc5 Rb3 73. Rg3 Kd7 74. Nb4 1-0

[Event "GER-chT Federal Cup (Women)"]
[Site "Braunfels"]
[Date "2024.05.31"]
[Round "2.3"]
[White "Noll, Sonja"]
[Black "Bauer, Laura Sophie"]
[Result "1/2-1/2"]
[WhiteElo "1837"]
[BlackElo "1874"]
[PlyCount "110"]
[EventDate "2024.05.30"]
[EventType "team-swiss"]
[EventRounds "5"]
[EventCountry "GER"]
[SourceTitle "CBM 220 Extra"]
[Source "ChessBase"]
[SourceDate "2024.07.31"]
[SourceVersion "1"]
[SourceVersionDate "2024.07.31"]
[SourceQuality "1"]
[WhiteTeam "Saarland (W)"]
[BlackTeam "Bayern (W) II"]
[WhiteTeamCountry "GER"]
[BlackTeamCountry "GER"]

1. e4 d5 2. exd5 Qxd5 3. Nc3 Qd6 4. d4 Nf6 5. Nf3 c6 6. Ne5 Qd8 7. Bc4 e6 8. 0-0 Be7 9. Be3 0-0 10. Qf3 Nbd7 11. Rad1 Nd5 12. Bc1 Bd6 13. Nxd7 Bxd7 14. Ne4 Bc7 15. c3 b6 16. Qh5 Nf6 17. Qh4 Nxe4 18. Qxe4 Qf6 19. Bd3 Qg6 20. Qf3 Qf6 21. Qxf6 gxf6 22. Bh6 Rfe8 23. f4 Kh8 24. Rf3 Rg8 25. f5 Bd8 26. Rdf1 Be7 27. Rh3 exf5 28. Bxf5 Bxf5 29. Rxf5 Rg6 30. Re3 Bd6 31. Bf4 Bxf4 32. Rxf4 Kg7 33. Re7 c5 34. dxc5 bxc5 35. h3 Rg5 36. Rc7 a5 37. Rc4 Rb8 38. b3 Rb5 39. Kf2 Re5 40. Rg4+ Rg5 41. Kf3 h5 42. Re4 Re5 43. Kf4 Kg6 44. c4 Rf5+ 45. Kg3 Rb4 46. Ree7 a4 47. Rxf7 Rg5+ 48. Kf4 Rf5+ 49. Kg3 Rg5+ 50. Kh4 axb3 51. Rg7+ Kh6 52. Rh7+ Kg6 53. axb3 Rxb3 54. g4 hxg4 55. hxg4 Rb4 1/2-1/2

[Event "GER-chT Federal Cup (Women)"]
[Site "Braunfels"]
[Date "2024.05.31"]
[Round "3.2"]
[White "Skibbe, Diana"]
[Black "Noll, Sonja"]
[Result "1-0"]
[WhiteElo "1942"]
[BlackElo "1837"]
[PlyCount "49"]
[EventDate "2024.05.30"]
[EventType "team-swiss"]
[EventRounds "5"]
[EventCountry "GER"]
[SourceTitle "CBM 220 Extra"]
[Source "ChessBase"]
[SourceDate "2024.07.31"]
[SourceVersion "1"]
[SourceVersionDate "2024.07.31"]
[SourceQuality "1"]
[WhiteTeam "Thueringen (W)"]
[BlackTeam "Saarland (W)"]
[WhiteTeamCountry "GER"]
[BlackTeamCountry "GER"]

1. e4 b6 2. d4 Bb7 3. Bd3 e6 4. Nf3 c5 5. c3 g6 6. 0-0 Bg7 7. Nbd2 Nf6 8. e5 Nd5 9. Ne4 Qc7 10. Nd6+ Ke7 11. a3 Kf8 12. Be4 Nc6 13. Ng5 f5 14. Bxd5 exd5 15. Bf4 h6 16. Ngf7 Rh7 17. Qd3 Ne7 18. Qh3 Ng8 19. Rac1 Ke7 20. Rfe1 Rf8 21. e6 dxe6 22. Nxf5+ Kf6 23. Bxc7 gxf5 24. Ne5 Rc8 25. Qh4# 1-0

[Event "GER-ch Blitz (Women)"]
[Site "Viernheim"]
[Date "2023.07.15"]
[Round "27"]
[White "Noll, Sonja"]
[Black "Sieber, Fiona"]
[Result "0-1"]
[WhiteElo "1728"]
[BlackElo "2323"]
[PlyCount "44"]
[EventDate "2023.07.15"]
[EventType "tourn (blitz)"]
[EventRounds "27"]
[EventCountry "GER"]
[SourceTitle "CBM 215 Extra"]
[Source "ChessBase"]
[SourceDate "2023.09.30"]
[SourceVersion "1"]
[SourceVersionDate "2023.09.30"]
[SourceQuality "1"]

1. e4 c5 2. c3 Nf6 3. e5 Nd5 4. d3 Nc6 5. f4 d6 6. exd6 Qxd6 7. Qf3 e5 8. f5 Nce7 9. g4 h5 10. h3 Bd7 11. c4 Bc6 12. Qg3 Nb4 13. Na3 Bxh1 14. Nf3 Bxf3 15. Qxf3 0-0-0 16. Nb5 Qd7 17. Nxa7+ Kb8 18. Nb5 hxg4 19. hxg4 Nc2+ 20. Kd1 Nxa1 21. Be3 Nc6 22. Bxc5 Bxc5 0-1

[Event "GER-ch Blitz (Women)"]
[Site "Viernheim"]
[Date "2023.07.15"]
[Round "12"]
[White "Novikova, Margarita"]
[Black "Noll, Sonja"]
[Result "1-0"]
[WhiteElo "1995"]
[BlackElo "1728"]
[PlyCount "45"]
[EventDate "2023.07.15"]
[EventType "tourn (blitz)"]
[EventRounds "27"]
[EventCountry "GER"]
[SourceTitle "CBM 215 Extra"]
[Source "ChessBase"]
[SourceDate "2023.09.30"]
[SourceVersion "1"]
[SourceVersionDate "2023.09.30"]
[SourceQuality "1"]

1. e4 Nf6 2. e5 Nd5 3. Bc4 Nb6 4. Bb3 c5 5. d3 g6 6. a4 a5 7. Qf3 e6 8. Bf4 Nc6 9. c3 Bg7 10. Qe2 Qc7 11. Nf3 h6 12. h4 Nd5 13. Bg3 Qb6 14. Nbd2 h5 15. Qd1 Qc7 16. Nc4 Bf8 17. Nfd2 b6 18. Ne4 Ba6 19. Ncd6+ Bxd6 20. Nxd6+ Ke7 21. Bxd5 exd5 22. Qf3 Rhf8 23. Qf6# 1-0

[Event "GER-ch Blitz (Women)"]
[Site "Magdeburg"]
[Date "2021.08.01"]
[Round "5"]
[White "Paehtz, Elisabeth"]
[Black "Noll, Sonja"]
[Result "1-0"]
[WhiteElo "2466"]
[BlackElo "1733"]
[PlyCount "87"]
[EventDate "2021.08.01"]
[EventType "tourn (blitz)"]
[EventRounds "21"]
[EventCountry "GER"]
[SourceTitle "CBM 203 Extra"]
[Source "ChessBase"]
[SourceDate "2021.09.30"]
[SourceVersion "1"]
[SourceVersionDate "2021.09.30"]
[SourceQuality "1"]

1. d4 Nf6 2. Nf3 e6 3. Bf4 c5 4. e3 Nh5 5. Bg5 Nf6 6. c3 h6 7. Bh4 Nc6 8. Nbd2 Be7 9. Bd3 b6 10. Qe2 Bb7 11. a3 d5 12. Bg3 c4 13. Bc2 Nh5 14. e4 0-0 15. e5 f5 16. exf6 Nxf6 17. Qxe6+ Kh8 18. 0-0 Qd7 19. Qxd7 Nxd7 20. Rfe1 Rae8 21. Bg6 Rd8 22. Re3 Bf6 23. Bd6 Rg8 24. Bf7 Nf8 25. Bg3 Bc8 26. Bxg8 Kxg8 27. Rae1 Bg4 28. h3 Bh5 29. Ne5 Ne7 30. Ndf3 Nf5 31. R3e2 Nxg3 32. fxg3 Nd7 33. g4 Be8 34. Nxd7 Bxd7 35. Ne5 Ba4 36. Re3 Bg5 37. R3e2 Bh4 38. Rf1 Be8 39. Kh2 Bg5 40. Kg3 h5 41. h4 Bf6 42. g5 Be7 43. Kh2 Bd6 44. g3 1-0

[Event "GER-ch Blitz (Women)"]
[Site "Magdeburg"]
[Date "2021.08.01"]
[Round "7"]
[White "Voicu Jagodzinsky, Carmen"]
[Black "Noll, Sonja"]
[Result "1-0"]
[WhiteElo "2247"]
[BlackElo "1733"]
[PlyCount "65"]
[EventDate "2021.08.01"]
[EventType "tourn (blitz)"]
[EventRounds "21"]
[EventCountry "GER"]
[SourceTitle "CBM 203 Extra"]
[Source "ChessBase"]
[SourceDate "2021.09.30"]
[SourceVersion "1"]
[SourceVersionDate "2021.09.30"]
[SourceQuality "1"]

1. e4 Nf6 2. e5 Nd5 3. d4 d6 4. c4 Nb6 5. exd6 cxd6 6. Nf3 g6 7. Nc3 Bg7 8. Be2 0-0 9. h3 Nc6 10. 0-0 Bd7 11. Be3 Rc8 12. Qd2 Re8 13. b3 a6 14. Rad1 Na8 15. a4 Nc7 16. d5 Nb4 17. Bd4 e5 18. dxe6 Nxe6 19. Bxg7 Kxg7 20. Qxd6 Nc5 21. Rfe1 Nc2 22. Rf1 Rc6 23. Qd2 Nb4 24. Qb2 Qf6 25. Rd2 Rce6 26. Rfd1 Bc6 27. Nd4 Qg5 28. Nxc6 Nxc6 29. Ne4+ Qe5 30. Nxc5 Qxb2 31. Nxe6+ Rxe6 32. Rxb2 Nd4 33. Rxd4 1-0

[Event "DSOL 02 Liga Gr-B 1st"]
[Site "Playchess.com INT"]
[Date "2020.07.30"]
[Round "6.3"]
[White "Noll, Sonja"]
[Black "Adelberger, Georg"]
[Result "0-1"]
[WhiteElo "1688"]
[BlackElo "1906"]
[PlyCount "48"]
[EventDate "2020.06.22"]
[EventType "team-tourn (rapid)"]
[EventCountry "GER"]
[SourceTitle "EXT 2021"]
[Source "ChessBase"]
[SourceDate "2020.10.23"]
[SourceVersion "1"]
[SourceVersionDate "2020.10.23"]
[SourceQuality "1"]
[WhiteTeam "Schwarzenbach Caissa"]
[BlackTeam "Kreuzberg"]
[WhiteTeamCountry "GER"]
[BlackTeamCountry "GER"]

1. e4 d5 2. exd5 Nf6 3. c4 c6 4. dxc6 Nxc6 5. Nf3 Bg4 6. Be2 e5 7. 0-0 Bc5 8. d3 0-0 9. Nc3 h6 10. Be3 Bd6 11. h3 Be6 12. d4 exd4 13. Nxd4 Qc8 14. Nxe6 Qxe6 15. Re1 Rad8 16. Qc1 Qe5 17. g3 Qf5 18. Kg2 Rfe8 19. Qb1 Qc8 20. Qc2 Qb8 21. a3 Bxg3 22. fxg3 Rxe3 23. Bf3 Rxf3 24. Kxf3 Nd4+ 0-1